000 00289nam a22001337a 4500
008 171010b xxu||||| |||| 00| 0 eng d
020 _a9787777362531
041 _aeng
080 _a316
100 _a50
101 _aSOC
245 _aTHE BIRTH OF THE MIND
_cMARCUS,G
942 _2udc
_cBK
999 _c32835
_d32835